| 000 | 00426nab a2200145Ia 4500 | ||
|---|---|---|---|
| 003 | ES-SlBCS | ||
| 005 | 20210601141250.0 | ||
| 008 | 140529s2000 xxu||||| |||| 00| 0 spa d | ||
| 041 | _aspa | ||
| 100 | 1 |
_aPucci, Bruno _9209160 |
|
| 245 | 0 | 0 |
_aSentido(s) da filosofia hoje _c Bruno Pucci |
| 650 | 0 | 4 |
_aFilosofía-Sentido _9253851 |
| 773 | 0 |
_tEducaçao e Filosofia _gvol. 14, nº. 27-28, 2000, págs. 67-60 _wRev1534 |
|
| 942 | _cAR | ||
| 999 |
_c657934 _d657934 |
||